[Event "Hanoi op (Women)"]
[Site "Hanoi"]
[Date "2022.08.26"]
[Round "7"]
[White "Le, Thi Ha"]
[Black "Vu, Thi Dieu Ai"]
[Result "1-0"]
[WhiteElo "2015"]
[BlackElo "1805"]
[PlyCount "41"]
[EventDate "2022.08.20"]
[EventType "swiss"]
[EventRounds "9"]
[EventCountry "VIE"]
[SourceTitle "CBM 209 Extra"]
[Source "ChessBase"]
[SourceDate "2022.09.30"]
[SourceVersion "1"]
[SourceVersionDate "2022.09.30"]
[SourceQuality "1"]

1. d4 d5 2. c4 c6 3. Nf3 Nf6 4. Nc3 a6 5. a4 g6 6. Bf4 Bg7 7. e3 0-0 8. h3 Qb6 9. Qd2 Bf5 10. c5 Qd8 11. Be2 Nbd7 12. 0-0 Ne4 13. Qc1 Nxc3 14. Qxc3 Be4 15. Nd2 e5 16. Bg3 exd4 17. exd4 Bf5 18. b4 Re8 19. Rfe1 Qf6 20. Nb3 Rxe2 21. Rxe2 1-0

[Event "Hanoi op (Women)"]
[Site "Hanoi"]
[Date "2022.08.23"]
[Round "4"]
[White "Huynh, Phuc Minh Phuong"]
[Black "Le, Thi Ha"]
[Result "1-0"]
[WhiteElo "1278"]
[BlackElo "2015"]
[PlyCount "101"]
[EventDate "2022.08.20"]
[EventType "swiss"]
[EventRounds "9"]
[EventCountry "VIE"]
[SourceTitle "CBM 209 Extra"]
[Source "ChessBase"]
[SourceDate "2022.09.30"]
[SourceVersion "1"]
[SourceVersionDate "2022.09.30"]
[SourceQuality "1"]

1. e4 d6 2. d4 g6 3. Bc4 Bg7 4. Nf3 Bg4 5. Bxf7+ Kf8 6. Nc3 Nc6 7. Bxg8 Kxg8 8. Be3 Qd7 9. Qd3 Bxf3 10. gxf3 e5 11. Qc4+ Qf7 12. Qxf7+ Kxf7 13. d5 Na5 14. b3 b6 15. 0-0-0 a6 16. Ne2 Rae8 17. Kd2 b5 18. Ng3 Rhf8 19. h4 h6 20. Rdg1 Kg8 21. h5 g5 22. Nf5 Kh7 23. Ra1 Nb7 24. b4 a5 25. a3 Ra8 26. Rhb1 Rfb8 27. c3 Bf6 28. Kd3 axb4 29. cxb4 Ra4 30. Rc1 Bd8 31. Ng3 Rba8 32. Rc3 Rxb4 33. Rac1 Rc4 34. Rxc4 bxc4+ 35. Kxc4 Rxa3 36. Kb5 Na5 37. Rc2 Ra1 38. Bd2 Nb3 39. Bc3 Rb1 40. Rb2 Rxb2 41. Bxb2 Nd4+ 42. Bxd4 exd4 43. Kc4 Bf6 44. Nf5 Be5 45. Nxd4 Bh2 46. Nb5 Bg1 47. Nxc7 Bxf2 48. Ne8 Bg3 49. Kb5 Kg8 50. Kc6 Kf7 51. Nxd6+ 1-0

[Event "VIE-ch (Women)"]
[Site "Bac Giang"]
[Date "2017.11.27"]
[Round "7"]
[White "Le, Thi Ha"]
[Black "Luu, Ha Bich Ngoc"]
[Result "1-0"]
[WhiteElo "2017"]
[BlackElo "1385"]
[PlyCount "91"]
[EventDate "2017.11.23"]
[EventType "swiss"]
[EventRounds "9"]
[EventCountry "VIE"]
[SourceTitle "CBM 181 Extra"]
[Source "ChessBase"]
[SourceDate "2017.12.12"]
[SourceVersion "1"]
[SourceVersionDate "2017.12.12"]
[SourceQuality "1"]

1. d4 Nf6 2. c4 e6 3. Nf3 d5 4. Bg5 Be7 5. Nc3 0-0 6. Bxf6 Bxf6 7. cxd5 exd5 8. e3 c6 9. h3 Re8 10. Bd3 Qb6 11. Rb1 Nd7 12. 0-0 Nf8 13. b4 a6 14. a4 Be6 15. Qd2 Nd7 16. Rfc1 Rec8 17. a5 Qd8 18. Na4 h6 19. Nh2 Qe7 20. f4 g6 21. Nf3 Re8 22. Ne5 Rab8 23. Nc5 Rec8 24. Rf1 Bg7 25. Nexd7 Bxd7 26. f5 Bxf5 27. Bxf5 gxf5 28. Rxf5 b6 29. axb6 Rxb6 30. Rbf1 Rf8 31. R5f3 Qa7 32. Qc3 Rb5 33. Ra1 Rb6 34. Kh1 Rc8 35. Raf1 Rc7 36. Qd3 Re7 37. Qf5 Rb8 38. Rg3 Kh8 39. Ra1 Rb6 40. Qg4 f6 41. Qc8+ Kh7 42. Qf5+ Kh8 43. Ne6 Rxb4 44. Nxg7 Rxg7 45. Qxf6 Rb6 46. Rxg7 1-0

[Event "VIE-ch (Women)"]
[Site "Bac Giang"]
[Date "2016.06.26"]
[Round "6"]
[White "Tran, Thi Mong Thu"]
[Black "Le, Thi Ha"]
[Result "0-1"]
[WhiteElo "1921"]
[BlackElo "1867"]
[PlyCount "154"]
[EventDate "2016.06.22"]
[EventType "swiss"]
[EventRounds "9"]
[EventCountry "VIE"]
[SourceTitle "EXT 2017"]
[Source "ChessBase"]
[SourceDate "2016.10.25"]
[SourceVersion "1"]
[SourceVersionDate "2016.10.25"]
[SourceQuality "1"]

1. d4 Nf6 2. c4 e6 3. Nc3 Bb4 4. Qc2 0-0 5. g3 d5 6. c5 Nc6 7. Nf3 e5 8. a3 Bxc3+ 9. bxc3 Re8 10. Bg2 Bg4 11. Be3 Qd7 12. 0-0 h6 13. Rfe1 Bxf3 14. Bxf3 e4 15. Bg2 Na5 16. Bc1 b6 17. cxb6 cxb6 18. e3 Rac8 19. Bf1 Rc7 20. Bb2 Rec8 21. Qe2 Nc4 22. Bc1 Nh7 23. h4 Nf6 24. Kh2 Ng4+ 25. Kg1 Nd6 26. Bd2 Nf6 27. Rec1 g5 28. hxg5 hxg5 29. Bg2 Kg7 30. Be1 g4 31. a4 Nc4 32. Qa2 Nh7 33. Bf1 Na5 34. Ba6 Rh8 35. c4 Nxc4 36. Bxc4 Rxc4 37. Rxc4 dxc4 38. Qxc4 Rc8 39. Qb5 Qxb5 40. axb5 Ng5 41. Kg2 Rc2 42. Rb1 Kf6 43. Kf1 Ke6 44. Bb4 Kd5 45. Be1 Nf3 46. Bb4 Ra2 47. Be1 Rd2 48. Ra1 Rb2 49. Bc3 Rb3 50. Rc1 Rxb5 51. Ke2 Ng5 52. Kd1 a5 53. Kc2 Kc6 54. Rd1 Rd5 55. Kb3 Ne6 56. Ka4 Kb7 57. Rh1 Ka6 58. Rh4 b5+ 59. Kb3 b4 60. Bb2 Kb5 61. Rxg4 a4+ 62. Ka2 Rf5 63. Rxe4 Rxf2 64. Kb1 a3 65. Bc1 Rf1 66. Kc2 a2 67. Bb2 a1Q 68. Bxa1 Rxa1 69. Kb3 Ra3+ 70. Kb2 Ra7 71. d5 Nc5 72. Rd4 f5 73. g4 fxg4 74. Rxg4 Re7 75. Rg3 Re5 76. d6 Rd5 77. Rg6 Rd3 0-1

[Event "VIE-ch (Women)"]
[Site "Vietnam"]
[Date "2016.05.02"]
[Round "8"]
[White "Nguyen, Truong Bao Tran"]
[Black "Le, Thi Ha"]
[Result "1/2-1/2"]
[WhiteElo "1873"]
[BlackElo "1981"]
[PlyCount "121"]
[EventDate "2016.04.27"]
[EventType "swiss"]
[EventRounds "9"]
[EventCountry "VIE"]
[SourceTitle "CBM 172 Extra"]
[Source "ChessBase"]
[SourceDate "2016.06.21"]
[SourceVersion "1"]
[SourceVersionDate "2016.06.21"]
[SourceQuality "1"]

1. d4 Nf6 2. c4 e6 3. g3 d5 4. Bg2 c6 5. Nf3 Bb4+ 6. Bd2 Be7 7. Qc2 0-0 8. 0-0 b6 9. cxd5 cxd5 10. Bf4 Bb7 11. Nc3 Nc6 12. Rac1 Qd7 13. Rfd1 Rfc8 14. Qa4 a6 15. Ne5 Nxe5 16. Bxe5 b5 17. Qb3 Bc6 18. a3 a5 19. Bxf6 Bxf6 20. e4 dxe4 21. Nxe4 Bxe4 22. Bxe4 Rxc1 23. Rxc1 Rd8 24. Bc6 Qxd4 25. Qxb5 Qxb2 26. Qxb2 Bxb2 27. Rc5 Bxa3 28. Rxa5 Bd6 29. Ra8 Bb8 30. Kg2 Kf8 31. g4 Ke7 32. Be4 h6 33. h3 g6 34. Kf3 f5 35. Bb1 Kf6 36. Ba2 e5 37. Bb1 Kg5 38. h4+ Kf6 39. gxf5 gxf5 40. Bc2 e4+ 41. Ke2 Ke5 42. f3 Rg8 43. fxe4 fxe4 44. Ra5+ Kf4 45. Ra4 Re8 46. Ra6 Rc8 47. Bb1 h5 48. Rf6+ Kg4 49. Bxe4 Re8 50. Kd3 Kxh4 51. Rg6 Bf4 52. Rg1 Bh2 53. Rg2 Bg3 54. Bf5 Re5 55. Bc8 Rc5 56. Be6 Rc6 57. Bf5 Ra6 58. Ke4 Ra4+ 59. Kd3 Ra3+ 60. Ke4 Kg5 61. Bd7 1/2-1/2

[Event "VIE-chT (Women)"]
[Site "Ho Chi Minh City"]
[Date "2015.07.20"]
[Round "5.4"]
[White "Le, Thi Ha"]
[Black "Nguyen, Thi Thanh An"]
[Result "0-1"]
[WhiteElo "1981"]
[BlackElo "2219"]
[PlyCount "98"]
[EventDate "2015.07.16"]
[EventType "team-swiss"]
[EventRounds "9"]
[EventCountry "VIE"]
[SourceTitle "EXT 2016"]
[Source "ChessBase"]
[SourceDate "2015.10.08"]
[SourceVersion "1"]
[SourceVersionDate "2015.10.08"]
[SourceQuality "1"]

1. d4 Nf6 2. c4 g6 3. Nc3 Bg7 4. e4 d6 5. f3 0-0 6. Be3 c6 7. Qd2 a6 8. a4 e5 9. dxe5 dxe5 10. 0-0-0 Qa5 11. Qd6 Ne8 12. Qd8 Qxd8 13. Rxd8 Nc7 14. Rxf8+ Bxf8 15. Bd3 Ne6 16. Nge2 a5 17. g3 Na6 18. Rd1 Nec5 19. Bc2 Be6 20. b3 Be7 21. f4 f6 22. f5 Bf7 23. g4 Rd8 24. Rxd8+ Bxd8 25. h4 Bb6 26. Kd2 Nb4 27. Bd1 Kg7 28. g5 Nd7 29. Ng1 Bxe3+ 30. Kxe3 Nc5 31. Nf3 Nbd3 32. Nb1 Nf4 33. Nbd2 Ng2+ 34. Kf2 Nf4 35. Nh2 fxg5 36. Nhf3 gxh4 37. Nxe5 Nfd3+ 38. Nxd3 Nxd3+ 39. Ke3 Ne5 40. Nf1 Kf6 41. Nh2 c5 42. Kf4 Be8 43. Be2 Bd7 44. Ng4+ Nxg4 45. Bxg4 g5+ 46. Ke3 Bc6 47. Bf3 Ke5 48. Bg4 Bxe4 49. f6 Bg6 0-1

[Event "VIE-chT (Women)"]
[Site "Ho Chi Minh City"]
[Date "2015.07.19"]
[Round "4.10"]
[White "Nguyen, Hoang Vo Song"]
[Black "Le, Thi Ha"]
[Result "0-1"]
[WhiteElo "1526"]
[BlackElo "1981"]
[PlyCount "84"]
[EventDate "2015.07.16"]
[EventType "team-swiss"]
[EventRounds "9"]
[EventCountry "VIE"]
[SourceTitle "EXT 2016"]
[Source "ChessBase"]
[SourceDate "2015.10.08"]
[SourceVersion "1"]
[SourceVersionDate "2015.10.08"]
[SourceQuality "1"]

1. d4 Nf6 2. c4 e6 3. Nc3 Bb4 4. a3 Bxc3+ 5. bxc3 b6 6. f3 Bb7 7. e4 d6 8. Bg5 Nbd7 9. Bd3 h6 10. Bh4 0-0 11. Ne2 e5 12. 0-0 Qe8 13. Qd2 g5 14. Bf2 Nh5 15. Bc2 Ba6 16. Bb3 Kh8 17. h4 f6 18. g4 Nf4 19. Nxf4 gxf4 20. h5 Qf7 21. Qa2 Qg7 22. Kh2 Bb7 23. Rg1 Qg5 24. Qe2 Rae8 25. Ba4 Re7 26. c5 dxc5 27. dxc5 Nxc5 28. Bxc5 bxc5 29. Qf2 f5 30. exf5 e4 31. fxe4 Rxe4 32. Bd1 Rfe8 33. Ra2 Re3 34. Rc2 Qf6 35. a4 Bc6 36. a5 Qe5 37. Rf1 Re1 38. Bf3 Bxf3 39. Rxe1 Qxe1 40. Qxf3 Qh4+ 41. Kg2 Re1 42. Qh3 Rg1+ 0-1

[Event "VIE-ch Resolution (Women) 7th"]
[Site "Bac Giang"]
[Date "2014.12.06"]
[Round "2"]
[White "Le, Thi Ha"]
[Black "Pham, Thi Thu Hien"]
[Result "0-1"]
[WhiteElo "1981"]
[BlackElo "2168"]
[PlyCount "102"]
[EventDate "2014.12.05"]
[EventType "swiss"]
[EventRounds "9"]
[EventCountry "VIE"]
[SourceTitle "EXT 2016"]
[Source "ChessBase"]
[SourceDate "2015.10.08"]
[SourceVersion "1"]
[SourceVersionDate "2015.10.08"]
[SourceQuality "1"]

1. d4 d5 2. c4 c6 3. Nf3 Nf6 4. Nc3 dxc4 5. e4 b5 6. Be2 e6 7. e5 Nd5 8. Ng5 Be7 9. Nge4 0-0 10. 0-0 Nd7 11. a4 b4 12. Nb1 c5 13. Nxc5 Bxc5 14. dxc5 Nxe5 15. f4 Nd7 16. Bxc4 Qc7 17. Kh1 Qxc5 18. Qe2 N7f6 19. b3 Bb7 20. Nd2 Qe3 21. Bb2 Qxe2 22. Bxe2 Ne3 23. Rf2 Rfd8 24. Bxf6 Rxd2 25. Bh4 Nxg2 26. Bf3 Bxf3 27. Rxd2 Nxh4+ 28. Kg1 Bd5 29. Rd3 a5 30. Rc1 g6 31. Kf2 Nf5 32. Rc7 Nd6 33. Ke3 Ne4 34. f5 gxf5 35. Kf4 Nf6 36. Rg3+ Kf8 37. Rh3 Be4 38. Ke5 Ng4+ 39. Kd6 Rd8+ 40. Kc5 f4 41. Kb5 Rd5+ 42. Kb6 f3 43. Rh4 f2 44. Rc1 Bd3 45. Rxg4 f1Q 46. Rxf1 Bxf1 47. h4 h5 48. Rg3 f5 49. Rg6 Kf7 50. Rh6 f4 51. Rh7+ Kg6 0-1

[Event "VIE-ch (Women)"]
[Site "Da Lat"]
[Date "2014.03.26"]
[Round "1"]
[White "Nguyen, Thi Thanh An"]
[Black "Le, Thi Ha"]
[Result "1/2-1/2"]
[WhiteElo "2237"]
[BlackElo "1970"]
[PlyCount "85"]
[EventDate "2014.03.26"]
[EventType "swiss"]
[EventRounds "11"]
[EventCountry "VIE"]
[SourceTitle "CBM 159 Extra"]
[Source "ChessBase"]
[SourceDate "2014.04.24"]
[SourceVersion "1"]
[SourceVersionDate "2014.04.24"]
[SourceQuality "1"]

1. d4 Nf6 2. c4 e6 3. Nf3 b6 4. a3 Bb7 5. Nc3 Bxf3 6. gxf3 d6 7. Bg2 Be7 8. Qa4+ Qd7 9. Qxd7+ Kxd7 10. e3 a5 11. f4 c6 12. Bd2 Na6 13. Ke2 Nc7 14. Rhc1 Rhc8 15. Na4 Rab8 16. c5 Na8 17. b4 b5 18. Nb2 a4 19. cxd6 Bxd6 20. e4 Ne8 21. Rc3 Rc7 22. Rac1 Rbc8 23. Rh3 h6 24. Bf1 Nb6 25. Rhc3 Be7 26. Be3 Nd6 27. Kf3 f5 28. exf5 Nxf5 29. Nd3 Bd6 30. Bh3 Rf8 31. Ke2 Nd5 32. R3c2 Nfe7 33. Rg1 g6 34. Ke1 Nb6 35. Re2 Rg8 36. Bc1 Nf5 37. Bxf5 exf5 38. f3 Rcc8 39. Reg2 Rce8+ 40. Kd1 Re6 41. Rg3 Nd5 42. Bd2 Ke7 43. R3g2 1/2-1/2

[Event "VIE-chT (Women)"]
[Site "Bac Giang"]
[Date "2013.08.21"]
[Round "11"]
[White "Le, Thi Ha"]
[Black "Le, Phu Nguyen Thao"]
[Result "1-0"]
[WhiteElo "1932"]
[BlackElo "2049"]
[PlyCount "101"]
[EventDate "2013.08.14"]
[EventType "team-swiss"]
[EventRounds "11"]
[EventCountry "VIE"]
[SourceTitle "CBM 156 Extra"]
[Source "ChessBase"]
[SourceDate "2013.10.22"]
[SourceVersion "1"]
[SourceVersionDate "2013.10.22"]
[SourceQuality "1"]

1. d4 Nf6 2. c4 g6 3. Nc3 Bg7 4. e4 d6 5. f3 0-0 6. Be3 Nc6 7. Qd2 Re8 8. Nge2 a6 9. Bh6 Bh8 10. Nc1 e5 11. d5 Nd4 12. Bg5 c6 13. dxc6 bxc6 14. Bd3 Ne6 15. Be3 Rb8 16. 0-0 d5 17. cxd5 cxd5 18. exd5 Nxd5 19. Nxd5 Qxd5 20. Rb1 Rd8 21. Qf2 Bd7 22. Bxa6 Nf4 23. Nb3 Bf5 24. Rbc1 Nd3 25. Bxd3 Qxd3 26. Nc5 Qd5 27. b3 Bg7 28. g4 Be6 29. Qe2 Qd6 30. Ne4 Qe7 31. Bc5 Qb7 32. g5 h5 33. Nf6+ Bxf6 34. gxf6 Rd5 35. Qe3 Kh7 36. Rcd1 Rbd8 37. Rxd5 Qxd5 38. Re1 Rc8 39. b4 Qxa2 40. Qxe5 Rd8 41. Be3 Qd5 42. Qxd5 Rxd5 43. Bc5 g5 44. Rxe6 Kg6 45. Rc6 Rd1+ 46. Kg2 Rb1 47. Rb6 Kf5 48. Be3 Rb3 49. Rb5+ Kxf6 50. Bxg5+ Kg6 51. h4 1-0

[Event "VIE-chT (Women)"]
[Site "Bac Giang"]
[Date "2013.08.17"]
[Round "5"]
[White "Nguyen, Thi Thuy Trien"]
[Black "Le, Thi Ha"]
[Result "1/2-1/2"]
[WhiteElo "1915"]
[BlackElo "1932"]
[PlyCount "68"]
[EventDate "2013.08.14"]
[EventType "team-swiss"]
[EventRounds "11"]
[EventCountry "VIE"]
[SourceTitle "CBM 156 Extra"]
[Source "ChessBase"]
[SourceDate "2013.10.22"]
[SourceVersion "1"]
[SourceVersionDate "2013.10.22"]
[SourceQuality "1"]

1. d4 Nf6 2. c4 e6 3. Nc3 Bb4 4. Bd2 Bxc3 5. Bxc3 Ne4 6. e3 b6 7. Qg4 Nxc3 8. Qxg7 Rf8 9. bxc3 Qe7 10. Qxh7 Bb7 11. Nf3 Bxf3 12. gxf3 Nc6 13. f4 0-0-0 14. Bg2 Qa3 15. Kd2 Na5 16. Qc2 Nxc4+ 17. Ke2 Rg8 18. Be4 Na5 19. h4 Qe7 20. h5 f5 21. Bf3 Rh8 22. Rhb1 d5 23. Rg1 Rdg8 24. Rg3 Rxg3 25. fxg3 Kb8 26. g4 fxg4 27. Bxg4 Qh4 28. Kf3 Nc4 29. Qf2 Qf6 30. Rh1 Qh6 31. Qc2 Rg8 32. Rg1 Nd6 33. a4 a5 34. Rg2 Rg7 1/2-1/2

[Event "VIE-chT (Women)"]
[Site "Bac Giang"]
[Date "2013.08.16"]
[Round "4"]
[White "Le, Thi Ha"]
[Black "Hoang, Xuan Thanh Khiet"]
[Result "1/2-1/2"]
[WhiteElo "1932"]
[BlackElo "2112"]
[PlyCount "66"]
[EventDate "2013.08.14"]
[EventType "team-swiss"]
[EventRounds "11"]
[EventCountry "VIE"]
[SourceTitle "CBM 156 Extra"]
[Source "ChessBase"]
[SourceDate "2013.10.22"]
[SourceVersion "1"]
[SourceVersionDate "2013.10.22"]
[SourceQuality "1"]

1. d4 d5 2. c4 c6 3. Nf3 Nf6 4. cxd5 cxd5 5. Bf4 e6 6. Nc3 a6 7. e3 Bd6 8. Bg3 0-0 9. Bd3 Nc6 10. a3 b5 11. 0-0 Bb7 12. Ne5 Na5 13. Qe2 Rc8 14. Rad1 Nc4 15. Nxc4 bxc4 16. Bb1 Bxg3 17. fxg3 Ne4 18. Bxe4 dxe4 19. g4 Qa5 20. Qc2 f5 21. gxf5 exf5 22. Na4 Bd5 23. Nc5 Qb5 24. Rd2 Qc6 25. Rdf2 g6 26. Qe2 Be6 27. Qe1 Rb8 28. Qa5 Rb5 29. Qc3 Rfb8 30. Rc1 Bd5 31. Rcc2 R5b6 32. Qd2 Qd6 33. Qd1 a5 1/2-1/2